[Event "Leamington Spa 4NCL op-B 28th"]
[Site "Leamington Spa"]
[Date "2022.07.09"]
[Round "3"]
[White "Sangha, Manpreet"]
[Black "McDonnell, James J"]
[Result "1-0"]
[WhiteElo "1976"]
[BlackElo "1934"]
[PlyCount "43"]
[EventDate "2022.07.08"]
[EventType "swiss"]
[EventRounds "5"]
[EventCountry "ENG"]
[SourceTitle "CBM 209 Extra"]
[Source "ChessBase"]
[SourceDate "2022.09.30"]
[SourceVersion "1"]
[SourceVersionDate "2022.09.30"]
[SourceQuality "1"]

1. e4 c5 2. Nf3 d6 3. d4 cxd4 4. Nxd4 Nf6 5. Nc3 Nc6 6. Bg5 e6 7. Qd2 a6 8. 0-0-0 Bd7 9. f4 Nxd4 10. Qxd4 Bc6 11. e5 dxe5 12. Qxe5 Qe7 13. Bc4 h6 14. Bh4 Rd8 15. Rxd8+ Qxd8 16. Rd1 Bd7 17. f5 Qe7 18. fxe6 fxe6 19. Ne4 Qb4 20. Nxf6+ gxf6 21. Bxf6 Qxc4 22. Qh5# 1-0

[Event "London CSC op U2000 7th"]
[Site "London"]
[Date "2015.12.08"]
[Round "2"]
[White "Johnson, Daniel1111"]
[Black "Sangha, Manpreet"]
[Result "1/2-1/2"]
[WhiteElo "1807"]
[BlackElo "1916"]
[PlyCount "73"]
[EventDate "2015.12.07"]
[EventType "swiss"]
[EventRounds "9"]
[EventCountry "ENG"]
[SourceTitle "CBM 170 Extra"]
[Source "ChessBase"]
[SourceDate "2016.02.25"]
[SourceVersion "1"]
[SourceVersionDate "2016.02.25"]
[SourceQuality "1"]

1. e4 c5 2. Nf3 Nc6 3. d4 cxd4 4. Nxd4 Nf6 5. Nc3 e5 6. Ndb5 d6 7. Bg5 a6 8. Bxf6 gxf6 9. Na3 f5 10. Qh5 b5 11. Naxb5 Bg7 12. Bc4 0-0 13. Bd5 Qd7 14. Na3 Rb8 15. Rb1 Nd4 16. 0-0 f4 17. Ne2 f3 18. Nxd4 fxg2 19. Nf5 gxf1Q+ 20. Rxf1 Qd8 21. Nc4 Bxf5 22. exf5 Qf6 23. Kh1 Rb5 24. Rg1 Kh8 25. Ne3 Qh6 26. Qg4 a5 27. a3 e4 28. Rg3 Rxb2 29. Rh3 Rb1+ 30. Kg2 Qf6 31. Qh5 h6 32. Bxe4 Re8 33. Kf3 Ra1 34. a4 Kg8 35. Bd5 Re5 36. Rg3 Re1 37. Be4 1/2-1/2